International business : competing in the global market place : postscript 2001 /

में बचाया:
ग्रंथसूची विवरण
मुख्य लेखक: Hill, Charles L. W.
स्वरूप: पुस्तक
भाषा:English
प्रकाशित: New York : Irwin/McGraw-Hill, 2001.
संस्करण:3rd ed.
विषय:
टैग : टैग जोड़ें
कोई टैग नहीं, इस रिकॉर्ड को टैग करने वाले पहले व्यक्ति बनें!
Thư viện lưu trữ: Mạng thư viện Đại học Đà Nẵng
LEADER 00984cam a2200349 i 4500
001 000046160
003 5612
005 20030217100606.0
008 010220|2001 vm 000 eng
020 |a 0071169555 
040 |a IRC  |c IRC  |d IRC 
041 0 |a eng 
082 1 4 |a 658.049  |b HI-C 
100 1 |a Hill, Charles L. W. 
245 0 0 |a International business :  |b competing in the global market place : postscript 2001 /  |c Charles L. W. Hill. 
250 |a 3rd ed. 
260 |a New York :  |b Irwin/McGraw-Hill,  |c 2001. 
300 |a xxviii, 692p. :  |b col. ill., col. maps. 
630 0 4 |a Management. 
630 0 4 |a Business enterprises. 
650 0 4 |a Competition, International. 
650 0 4 |a International business enterprises  |x Management. 
OWN |a DUT 
999 |a From the UDN01 
TYP |a Monograph 
TYP |a Printed language 
980 |a Mạng thư viện Đại học Đà Nẵng